000
00287nam a22001337a 4500
008
171123b xxu||||| |||| 00| 0 eng d
020
_a
9780943518992
041
_a
eng
080
_a
004
100
_a
35
101
_a
SHK
245
_a
TEACH YOURSELF...C
_c
SIEGEL,CH
942
_2
udc
_c
BK
999
_c
38329
_d
38329